[Event "AUT-ch"]
[Site "Jenbach"]
[Date "2009.08.02"]
[Round "9"]
[White "Spindelberger, Paul"]
[Black "Kroell, Johannes"]
[Result "1/2-1/2"]
[WhiteElo "2039"]
[BlackElo "2121"]
[PlyCount "129"]
[EventDate "2009.07.25"]
[EventType "swiss"]
[EventRounds "9"]
[EventCountry "AUT"]
[SourceTitle "CBM 131 Extra"]
[Source "ChessBase"]
[SourceDate "2009.09.03"]
[SourceVersion "2"]
[SourceVersionDate "2009.09.16"]
[SourceQuality "1"]

1. e4 g6 2. d4 Bg7 3. Nc3 c6 4. Nf3 d5 5. exd5 cxd5 6. Bb5+ Nc6 7. Ne5 Bd7 8. Nxd7 Qxd7 9. 0-0 a6 10. Bxc6 Qxc6 11. Be3 e6 12. Qd2 Ne7 13. Bh6 Bxh6 14. Qxh6 Nf5 15. Qf4 Qd6 16. Qd2 Qb4 17. Rfd1 Rc8 18. g4 Nd6 19. Qf4 0-0 20. Rab1 Nc4 21. a3 Qd6 22. Qf3 f5 23. g5 f4 24. h4 b5 25. Rd3 Rf5 26. Qe2 f3 27. Qf1 Qf4 28. Qh3 Nxb2 29. Rxb2 Qc1+ 30. Nd1 Rxc2 31. Rxc2 Qxc2 32. Qf1 Rf4 33. Ne3 Qe2 34. Qxe2 fxe2 35. Ng2 Re4 36. Re3 Rxd4 37. Rxe6 Rd2 38. Ne1 d4 39. f3 d3 40. Kf2 Rd1 41. Nxd3 Rxd3 42. Rxa6 Re3 43. Ke1 Rxf3 44. Kxe2 Rh3 45. Ra5 Rxh4 46. Rxb5 Ra4 47. Rb3 Ra5 48. Rg3 Kf7 49. Rh3 Ke6 50. Rxh7 Rxa3 51. Rb7 Ra5 52. Kf3 Kf5 53. Rb3 Kxg5 54. Kg3 Rc5 55. Ra3 Kh5 56. Rb3 g5 57. Ra3 Rc4 58. Rb3 Rc1 59. Ra3 Rg1+ 60. Kh2 Rg4 61. Kh3 Rb4 62. Kg3 Rb5 63. Rc3 g4 64. Ra3 Rf5 65. Rb3 1/2-1/2

[Event "AUT-ch"]
[Site "Jenbach"]
[Date "2009.07.26"]
[Round "2"]
[White "Spindelberger, Paul"]
[Black "Jedinger, Andreas"]
[Result "0-1"]
[WhiteElo "2039"]
[BlackElo "2170"]
[PlyCount "70"]
[EventDate "2009.07.25"]
[EventType "swiss"]
[EventRounds "9"]
[EventCountry "AUT"]
[SourceTitle "CBM 131 Extra"]
[Source "ChessBase"]
[SourceDate "2009.09.03"]
[SourceVersion "2"]
[SourceVersionDate "2009.09.16"]
[SourceQuality "1"]

1. e4 e6 2. d4 d5 3. Nd2 Nc6 4. Ngf3 Nf6 5. e5 Nd7 6. Nb3 Be7 7. h4 f6 8. Bf4 a5 9. a4 0-0 10. Bd3 Qe8 11. c3 Qh5 12. Qe2 fxe5 13. Bxe5 Ncxe5 14. dxe5 c5 15. Nbd2 Kh8 16. 0-0-0 c4 17. Bc2 b5 18. g4 Qxg4 19. Bxh7 bxa4 20. Rdg1 Qh5 21. Bg6 Qh6 22. Bb1 Nc5 23. Ng5 Bd7 24. Rg3 a3 25. Kd1 a2 26. Bxa2 Nd3 27. Ndf3 Rab8 28. b3 Ba4 29. Rh2 Bxb3+ 30. Bxb3 Rxb3 31. Qa2 Rb2 32. Qxa5 Rxf3 33. Rxf3 Bxg5 34. Rf8+ Kh7 35. Qa8 Rd2# 0-1

[Event "Wattens op 13th"]
[Site "Wattens"]
[Date "1998.??.??"]
[Round "4"]
[White "Lawitsch, Guenther"]
[Black "Spindelberger, Paul"]
[Result "0-1"]
[WhiteElo "2275"]
[BlackElo "1975"]
[PlyCount "38"]
[EventDate "1998.??.??"]
[EventType "swiss"]
[EventRounds "9"]
[EventCountry "AUT"]
[SourceTitle "EXT 2000"]
[Source "ChessBase"]
[SourceDate "1999.11.16"]
[SourceVersion "1"]
[SourceVersionDate "1999.11.16"]
[SourceQuality "1"]

1. e4 e5 2. Nf3 Nc6 3. d4 exd4 4. c3 d5 5. exd5 Qxd5 6. cxd4 Bg4 7. Be2 0-0-0 8. Nc3 Qh5 9. Be3 Nf6 10. a3 Nd5 11. Nxd5 Qxd5 12. 0-0 Bd6 13. h3 h5 14. Re1 f6 15. b4 Rde8 16. Rc1 Ne7 17. hxg4 hxg4 18. Nd2 Rh1+ 19. Kxh1 Qh5+ 0-1

[Event "Wattens op 13th"]
[Site "Wattens"]
[Date "1998.??.??"]
[Round "5"]
[White "Pilz, Dieter"]
[Black "Spindelberger, Paul"]
[Result "1-0"]
[WhiteElo "2260"]
[BlackElo "1975"]
[PlyCount "69"]
[EventDate "1998.??.??"]
[EventType "swiss"]
[EventRounds "9"]
[EventCountry "AUT"]
[SourceTitle "EXT 2000"]
[Source "ChessBase"]
[SourceDate "1999.11.16"]
[SourceVersion "1"]
[SourceVersionDate "1999.11.16"]
[SourceQuality "1"]

1. Nf3 f5 2. g3 Nf6 3. Bg2 g6 4. 0-0 Bg7 5. c4 0-0 6. Nc3 d6 7. d4 Nc6 8. b3 e5 9. dxe5 dxe5 10. Ba3 Re8 11. Qc1 Bd7 12. Rd1 Qc8 13. e3 a6 14. Qc2 Rb8 15. Rac1 b6 16. Nd5 a5 17. Ng5 h6 18. Nxf6+ Bxf6 19. Qd2 Nd4 20. Nh3 f4 21. exd4 Bxh3 22. dxe5 Bxg2 23. Kxg2 Bxe5 24. Qd5+ Kh8 25. Qf7 Rg8 26. Re1 Rg7 27. Qd5 Bf6 28. Re6 Rd7 29. Qf3 Rd3 30. Qxd3 Qxe6 31. Qxg6 Re8 32. Qxh6+ Kg8 33. Qxf4 Bg7 34. Rd1 Bh6 35. Qf3 1-0

[Event "Wattens op 13th"]
[Site "Wattens"]
[Date "1998.??.??"]
[Round "3"]
[White "Spindelberger, Paul"]
[Black "Strasser, Josef"]
[Result "1-0"]
[WhiteElo "1975"]
[BlackElo "1715"]
[PlyCount "109"]
[EventDate "1998.??.??"]
[EventType "swiss"]
[EventRounds "9"]
[EventCountry "AUT"]
[SourceTitle "EXT 2000"]
[Source "ChessBase"]
[SourceDate "1999.11.16"]
[SourceVersion "1"]
[SourceVersionDate "1999.11.16"]
[SourceQuality "1"]

1. e4 c5 2. b4 cxb4 3. a3 d6 4. axb4 g6 5. d4 Bg7 6. Bd3 Nf6 7. Ne2 0-0 8. 0-0 a5 9. Bd2 Nc6 10. b5 Nb8 11. Qe1 b6 12. c3 Bb7 13. f3 Nbd7 14. g4 Qc7 15. h4 Kh8 16. Ng3 e5 17. h5 gxh5 18. g5 Ne8 19. Nxh5 Rg8 20. Qh4 Nf8 21. Kf2 Ng6 22. Qh2 f6 23. Rh1 Qe7 24. Nf4 Bf8 25. Ne6 Bc8 26. gxf6 Nxf6 27. Bg5 Ra7 28. Nxf8 Rxf8 29. Ke2 Qf7 30. Nd2 Ne8 31. Bh6 Nf4+ 32. Ke3 exd4+ 33. cxd4 Nxd3 34. Kxd3 Rg8 35. Bf4 Qd7 36. Rhb1 Rg6 37. Nc4 Rb7 38. d5 Qh3 39. Qb2+ Kg8 40. Ke3 Bg4 41. Qf2 Bc8 42. Rh1 Qd7 43. Rag1 Qxb5 44. Rxg6+ hxg6 45. Qh4 Rg7 46. Qh8+ Kf7 47. Nxd6+ Nxd6 48. Bxd6 Qe8 49. Qh2 Qd8 50. Be5 Rg8 51. Qf4+ Ke8 52. Bf6 Qd7 53. Qe5+ Kf8 54. Rc1 Rg7 55. Bxg7+ 1-0